La Reflexión mágica en el siglo XVI : Una aproximación filosófica a sus conceptos y argumentos
Gespeichert in:
| 1. Verfasser: | |
|---|---|
| Format: | Buch |
| Sprache: | Undetermined |
| Veröffentlicht: |
San José, Costa Rica
Antanaclasis, Editores, S. A.
2011
|
| Schlagworte: | |
| Tags: |
Tag hinzufügen
Keine Tags, Fügen Sie den ersten Tag hinzu!
|
MARC
| LEADER | 00000nam a2200000Ia 4500 | ||
|---|---|---|---|
| 008 | 170316s9999 xx 000 0 und d | ||
| 999 | |c 17095 |d 17095 | ||
| 040 | |a cru BVZT | ||
| 090 | |a 100 M-65r | ||
| 100 | |a Moya Bedoya, Juan Diego |9 8 | ||
| 245 | |a La Reflexión mágica en el siglo XVI : Una aproximación filosófica a sus conceptos y argumentos | ||
| 260 | |a San José, Costa Rica | ||
| 260 | |b Antanaclasis, Editores, S. A. | ||
| 260 | |c 2011 | ||
| 300 | |a 209 páginas | ||
| 650 | |a FILOSOFÍA |9 5 | ||
| 650 | |a FILOSOFÍA RENACENTISTA | ||
| 650 | |a COSMOLOGÍA | ||
| 650 | |a HEINRICH CORNELIUS AGRIPPA DE NETTESHEIM |9 398 | ||
| 650 | |a GIORDANO BRUNO - CRÍTICA E INTERPRETACIÓN |9 399 | ||
| 942 | 0 | 0 | |0 1 |2 z |c 15 D |
